000 00695nam a2200265 i 4500
001 bgj
100 1 _aFIELDING, Henry
_d(1707-1754).
245 1 0 _aThe History of Tom Jones, a Foundling /
_cHenry Fielding.
260 _aWare :
_bWordsworth Classics,
_c1992.
300 _a[14], 711 pp ;
_c20 cm.
490 1 _aWordsworth Classics
650 9 _aIdentity (|Psychology)
650 9 _aFoundlings
650 9 _aYoung men
650 9 _aHumorous fiction
651 9 _aEngland
655 _aFiction
830 _aWordsworth Classics
020 _a1853260215
040 _cBPK
041 0 _aeng
920 _a1-85326-021-5
942 _cKS
008 s uk f |000 0 eng
999 _c48849
_d48849
856 _uhttp://koha.tu.koszalin.pl/cgi-bin/koha/opac-detail.pl?biblionumber=48849
_yKatalog online BPK